Language Quiz

Random Language or Food Quiz

Cake or Death? Quiz Stats

 Plays Quiz Updated Feb 19, 2019

Support Sporcle.
Go Orange.
Score 0/16 Timer 04:00
9 Plays Today
Word (C)ake or (D)eath? % Correct
torta???
83.1%
gâteaux???
80.4%
cacen???
75.4%
moartea???
74.8%
gebak???
69.1%
døden???
68.5%
ciasto???
66.7%
bolo???
64.9%
Word (C)ake or (D)eath? % Correct
τούρτα???
63.1%
Tod???
58.5%
surm???
53.7%
smrt???
53.4%
пирог???
50.7%
kematian???
48.1%
kuolema???
41.6%
halál???
38.4%

You're not logged in!

Compare scores with friends on all Sporcle quizzes.
OR
Log In
Forgot?

From the Vault

Extinct Apex Predators

by alvir28

Science 4m
Not so apex anymore, eh?
Remove Ads.
Support Sporcle.
Get the best of Sporcle when you Go Orange. This ad-free experience offers more features, more stats, and more fun while also helping to support Sporcle. Thank you for becoming a member.

Show Comments

Extras

Top Quizzes Today


Score Distribution

Your Account Isn't Verified!

In order to create a playlist on Sporcle, you need to verify the email address you used during registration. Go to your Sporcle Settings to finish the process.

Report this User

Report this user for behavior that violates our Community Guidelines.

Details: